| 000 | 00684nam a2200241 a 4500 | ||
|---|---|---|---|
| 005 | 20210219153254.0 | ||
| 008 | 991125n 000 0 u | ||
| 035 | _aUPN01000087769 | ||
| 100 | _aSpedding, Susan | ||
| 222 | _aCONTEMPORARY EDUCATIONAL PSYCHOLOGY | ||
| 245 | _aMetacognition, word identification, and reading competence | ||
| 300 | _a91-100 | ||
| 362 | _a18, No. 1, 1993 | ||
| 505 | _aJulio 1993 | ||
| 653 | 0 | _aCOMPETENCIA | |
| 653 | 0 | _aCOMPRENSION LECTORA | |
| 653 | 0 | _aESTUDIANTES DE LA ESCUELA ELEMENTAL | |
| 653 | 0 | _aMETACOGNICION | |
| 653 | 0 | _aRECONOCIMIENTO DE PALABRAS | |
| 700 | _aChan, Lorna K. S. | ||
| 904 |
_aAC _b025580 |
||
| 905 | _aArticulo | ||
| 999 |
_c72700 _d72700 |
||